[Event "SVK-Cup14 sf3 corr"]
[Site "Slovakia"]
[Date "2005.??.??"]
[Round "?"]
[White "Hudec, Martin"]
[Black "Cacko, Jozef"]
[Result "0-1"]
[WhiteElo "1500"]
[BlackElo "2276"]
[PlyCount "64"]
[EventDate "2005.04.01"]
[EventType "tourn (corr)"]
[EventRounds "6"]
[EventCountry "SVK"]
[SourceTitle "Corr 2008"]
[Source "ChessBase"]
[SourceDate "2008.06.24"]
[SourceVersion "1"]
[SourceVersionDate "2008.06.24"]
[SourceQuality "1"]

1. c4 e5 2. Nc3 Nf6 3. Nf3 Nc6 4. g3 Bb4 5. Bg2 0-0 6. 0-0 e4 7. Ne1 Bxc3 8. dxc3 h6 9. Nc2 Re8 10. Ne3 d6 11. Qc2 b6 12. Rd1 Bb7 13. Nd5 Ne5 14. b3 Ng6 15. a4 a5 16. Rb1 Re5 17. Ne3 Qd7 18. Nf1 Rae8 19. Be3 Rh5 20. Bd4 Nh7 21. Be3 Qe6 22. c5 dxc5 23. b4 c4 24. Bd4 Ng5 25. Ne3 Nh3+ 26. Kf1 Ngf4 27. gxf4 Nxf4 28. Ke1 Rxh2 29. Bf1 Nd3+ 30. Kd2 Nxf2 31. bxa5 Qd7 32. Kc1 Nd3+ 0-1

[Event "SVK-chT2 5th B03 corr"]
[Site "Slovakia"]
[Date "2002.03.01"]
[Round "1"]
[White "Hudec, Martin"]
[Black "Hlavcak, Stanislav"]
[Result "0-1"]
[WhiteElo "1500"]
[BlackElo "1843"]
[PlyCount "48"]
[EventDate "2002.??.??"]
[EventType "team (corr)"]
[EventRounds "10"]
[EventCountry "SVK"]
[SourceTitle "Corr 2004"]
[Source "ChessBase"]
[SourceDate "2003.04.28"]
[SourceVersion "3"]
[SourceVersionDate "2003.04.28"]
[SourceQuality "1"]

1. c4 e5 2. Nc3 Nf6 3. Nf3 Nc6 4. g3 d5 5. cxd5 Nxd5 6. Bg2 Be6 7. 0-0 Nb6 8. d3 Be7 9. a3 0-0 10. b4 a5 11. b5 Nd4 12. Nd2 c6 13. bxc6 Nxc6 14. Rb1 Rc8 15. Na4 Nxa4 16. Qxa4 Nd4 17. Qd1 Ba2 18. Ra1 Bd5 19. Bxd5 Qxd5 20. a4 Rc2 21. e4 Qd7 22. Nc4 Qh3 23. Be3 Ne2+ 24. Qxe2 Rxe2 0-1

[Event "SVK-chT2 5th B03 corr"]
[Site "Slovakia"]
[Date "2002.03.01"]
[Round "2"]
[White "Lipcakova, Erika"]
[Black "Hudec, Martin"]
[Result "1/2-1/2"]
[WhiteElo "1600"]
[BlackElo "1500"]
[PlyCount "33"]
[EventDate "2002.??.??"]
[EventType "team (corr)"]
[EventRounds "10"]
[EventCountry "SVK"]
[SourceTitle "Corr 2004"]
[Source "ChessBase"]
[SourceDate "2003.04.28"]
[SourceVersion "3"]
[SourceVersionDate "2003.04.28"]
[SourceQuality "1"]

1. e4 c5 2. Nf3 d6 3. d4 cxd4 4. Nxd4 Nf6 5. Nc3 a6 6. f4 e5 7. Nf3 Nbd7 8. a4 Be7 9. Bd3 0-0 10. 0-0 exf4 11. Bxf4 Qb6+ 12. Kh1 Qxb2 13. Nd5 Nxd5 14. exd5 Qb6 15. Qe2 Bf6 16. Rab1 Qc5 17. c4 1/2-1/2